Normal view
MARC view
Entry Personal Name
001 - CONTROL NUMBER
- control field: 18470
003 - CONTROL NUMBER IDENTIFIER
- control field: OSt
005 - DATE AND TIME OF LATEST TRANSACTION
- control field: 20240705105836.0
008 - FIXED-LENGTH DATA ELEMENTS
- fixed length control field: 240705|| aca||aabn | a|a d
040 ## - CATALOGING SOURCE
- Original cataloging agency: OSt
- Transcribing agency: OSt
100 ## - HEADING--PERSONAL NAME
- Personal name: Gregory, K. J.
- Fuller form of name: (Kenneth John)
670 ## - SOURCE DATA FOUND
- Source citation: Work cat.: (OSt)9077: Downs, Peter W. (Peter William) 18467, River channel management :, 2004.
